000 00511nam a22001817a 4500
005 20251108165831.0
008 250721s1956 xx 000 0 ara d
082 1 4 _aم/610.014/محم
100 1 _aالكواكبي، محمد صلاح الدين
245 1 0 _aمصطلحات علمية /
250 _aط7 . ن مزيدة ومنقحة
264 1 _aدمشق :
_bجامعة دمشق،
_c1956.
300 _a155ص
650 1 7 _aالطب
650 1 7 _aمصطلحات
942 _2ddc
_cREF
999 _c32470
_d32470